000 00647nam a2200241Ia 4500
003 OSt
005 20220918223526.0
006 a|||||r|||| 00| 0
007 ta
008 220917b |||||||| |||| 00| 0 eng d
024 _a223,226
037 _cTextual
040 _aARTS
_cARTS
_beng
041 _2eng
_aeng
082 _aR4:g, P4
100 _aHoy David Couzens
_980308
245 0 _aCritical resistance
_b From poststructuralism to post-critique
260 _aLondon
_bMIT press
_c2004
300 _aviii, 274p
_ccm.
650 _aETHICS
942 _hR4:g, P4
_cTEXL
_2CC
999 _c278694
_d278694